[Event "ITT Villa Martelli 2008 Verano"]
[Site "Villa Martelli ARG"]
[Date "2008.01.09"]
[Round "6.3"]
[White "Iermito, Sebastian"]
[Black "Della Morte, Pablo"]
[Result "1-0"]
[WhiteElo "2344"]
[BlackElo "2273"]
[PlyCount "83"]
[EventDate "2008.01.05"]
[EventType "tourn"]
[EventRounds "9"]
[EventCountry "ARG"]
[EventCategory "4"]
[Source "lmi"]
[SourceDate "2008.01.05"]

1. e4 c5 2. Nf3 Nc6 3. d4 cxd4 4. Nxd4 Nf6 5. Nc3 e5 6. Ndb5 d6 7. Bg5 a6 8.
Na3 b5 9. Bxf6 gxf6 10. Nd5 Bg7 11. Bd3 Ne7 12. Nxe7 Qxe7 13. O-O f5 14. c3 O-O
15. exf5 d5 16. Nc2 e4 17. Re1 Qb7 18. Bf1 Bxf5 19. Nd4 Bg6 20. a3 Qb6 21. Qb3
Bxd4 22. cxd4 Rfd8 23. Red1 Rac8 24. a4 b4 25. a5 Qd6 26. Rdc1 Kh8 27. Qg3 Qf6
28. Qe3 b3 29. Rc3 Rxc3 30. Qxc3 Bf5 31. Qxb3 Qxd4 32. Bxa6 Qe5 33. Bb7 e3 34.
fxe3 Be4 35. Qc3 d4 36. exd4 Qe7 37. Bxe4 Qxe4 38. a6 Rg8 39. d5+ Rg7 40. g3
Qxd5 41. a7 Qa8 42. Qe5 1-0

[Event "ITT Villa Martelli 2008 Verano"]
[Site "Villa Martelli ARG"]
[Date "2008.01.09"]
[Round "6.4"]
[White "Moskow, Eric"]
[Black "De Dovitiis, Alejo"]
[Result "1/2-1/2"]
[WhiteElo "2223"]
[BlackElo "2326"]
[PlyCount "106"]
[EventDate "2008.01.05"]
[EventType "tourn"]
[EventRounds "9"]
[EventCountry "ARG"]
[EventCategory "4"]
[Source "lmi"]
[SourceDate "2008.01.05"]

1. c4 c5 2. Nc3 g6 3. g3 Bg7 4. Bg2 Nc6 5. Nf3 e5 6. d3 Nge7 7. Nd2 d6 8. Nf1
Rb8 9. Bg5 f6 10. Bd2 O-O 11. Ne3 Be6 12. Ned5 a6 13. a3 b5 14. cxb5 axb5 15.
b4 Qd7 16. O-O h6 17. a4 cxb4 18. Nxe7+ Nxe7 19. Nxb5 b3 20. Bb4 Rfc8 21. Rc1
f5 22. Qd2 d5 23. Bxe7 Qxe7 24. d4 e4 25. Rc3 Rc4 26. Rxb3 Rxa4 27. Rfb1 Kh7
28. e3 Bc8 29. Bf1 Be6 30. Qb2 Bf8 31. Rc1 Rb7 32. Rbc3 Qb4 33. Rc7+ Rxc7 34.
Rxc7+ Kg8 35. Qc1 Ra6 36. Rb7 Bf7 37. Qc7 Rf6 38. Qd8 Kg7 39. Qxd5 Qe1 40. Qe5
g5 41. d5 Kg6 42. Qd4 f4 43. Rb6 Rxb6 44. Qxb6+ Kh7 45. Qf6 Kg8 46. Qd4 Bh5 47.
Nc3 Bg7 48. Qxe4 Bxc3 49. Qe6+ Bf7 50. Qxh6 fxe3 51. Qxg5+ Kf8 52. Qxe3 Qxe3
53. fxe3 Bxd5 1/2-1/2

[Event "ITT Villa Martelli 2008 Verano"]
[Site "Villa Martelli ARG"]
[Date "2008.01.10"]
[Round "7.1"]
[White "Obregon, Andres Carlos"]
[Black "Fusco, Leonardo"]
[Result "0-1"]
[WhiteElo "2355"]
[BlackElo "2313"]
[PlyCount "126"]
[EventDate "2008.01.05"]
[EventType "tourn"]
[EventRounds "9"]
[EventCountry "ARG"]
[EventCategory "4"]
[Source "lmi"]
[SourceDate "2008.01.05"]

1. b3 e5 2. Bb2 Nc6 3. e3 Nf6 4. c4 d5 5. cxd5 Nxd5 6. Bb5 Ndb4 7. Nf3 Nd3+ 8.
Bxd3 Qxd3 9. Nxe5 Nxe5 10. Bxe5 Qe4 11. d4 Qxg2 12. Kd2 Bb4+ 13. Kc1 Qxf2 14.
Bf4 Bf5 15. a3 Bxb1 16. Kxb1 Bd6 17. Bxd6 cxd6 18. Ra2 Qf5+ 19. Ka1 O-O 20. Rg1
Rfe8 21. Rg3 Re4 22. Rag2 g6 23. Rf3 Qe6 24. Qd3 Re8 25. Rgg3 Qd5 26. Kb2 b5
27. Qf1 a5 28. Rf5 Qe6 29. Rf6 Qd7 30. Qf2 b4 31. Qd2 Qe7 32. Rff3 d5 33. axb4
axb4 34. Rg2 Qb7 35. Rg1 Ra8 36. Ra1 Rxa1 37. Kxa1 Qa6+ 38. Kb1 Qa3 39. Qc2 Re8
40. Rg3 Kg7 41. h3 Re7 42. h4 h5 43. Qb2 Qxb2+ 44. Kxb2 f6 45. Rh3 Re4 46. Kc2
Kh6 47. Kd3 g5 48. hxg5+ fxg5 49. Rf3 h4 50. Ke2 Kg6 51. Rf8 h3 52. Kf2 h2 53.
Kg2 Rxe3 54. Kxh2 Rd3 55. Kg2 Rxd4 56. Kg3 Rd3+ 57. Kg4 Rxb3 58. Rd8 Rd3 59.
Rd6+ Kf7 60. Kxg5 Ke7 61. Ra6 Kd7 62. Kf4 Kc7 63. Ke5 b3 0-1

[Event "ITT Villa Martelli 2008 Verano"]
[Site "Villa Martelli ARG"]
[Date "2008.01.10"]
[Round "7.3"]
[White "Della Morte, Pablo"]
[Black "Moskow, Eric"]
[Result "1-0"]
[WhiteElo "2273"]
[BlackElo "2223"]
[PlyCount "70"]
[EventDate "2008.01.05"]
[EventType "tourn"]
[EventRounds "9"]
[EventCountry "ARG"]
[EventCategory "4"]
[Source "lmi"]
[SourceDate "2008.01.05"]

1. e4 c5 2. Nf3 d6 3. d4 cxd4 4. Nxd4 Nf6 5. Nc3 g6 6. Be3 Bg7 7. f3 Nc6 8. Qd2
O-O 9. O-O-O Bd7 10. g4 Rc8 11. h4 Ne5 12. Be2 Nc4 13. Bxc4 Rxc4 14. Qd3 b5 15.
Ndxb5 Bxb5 16. Nxb5 Rb4 17. a3 Ra4 18. Qb3 Ra5 19. Nxa7 Qa8 20. Qb6 Ra4 21. Nc6
Re8 22. Nd4 Rc8 23. Qb3 Nd7 24. c3 Ne5 25. Nc2 Nc4 26. Bd4 Rb8 27. Nb4 Bxd4 28.
Qxc4 Bg7 29. Qd5 Qa7 30. Nc6 Qe3+ 31. Qd2 Qxd2+ 32. Rxd2 Rb7 33. Kc2 f5 34.
gxf5 gxf5 35. Rg1 Kf7 1-0

[Event "ITT Villa Martelli 2008 Verano"]
[Site "Villa Martelli ARG"]
[Date "2008.01.10"]
[Round "7.4"]
[White "Rodriguez Vila, Andres"]
[Black "Iermito, Sebastian"]
[Result "1-0"]
[WhiteElo "2566"]
[BlackElo "2344"]
[PlyCount "85"]
[EventDate "2008.01.05"]
[EventType "tourn"]
[EventRounds "9"]
[EventCountry "ARG"]
[EventCategory "4"]
[Source "lmi"]
[SourceDate "2008.01.05"]

1. e4 d6 2. d4 Nf6 3. Nc3 g6 4. h3 Bg7 5. g4 c5 6. dxc5 Qa5 7. Bg2 Qxc5 8. Nge2
O-O 9. Be3 Qa5 10. O-O Nc6 11. f4 Be6 12. Nd5 Qd8 13. Qd2 Na5 14. Bd4 Bxd5 15.
exd5 Nc4 16. Qd3 Nb6 17. Rae1 Qc7 18. b3 Nfd7 19. Bxg7 Kxg7 20. Ng3 Rae8 21.
Rf2 Nc5 22. Qd4+ Kg8 23. Rfe2 e5 24. fxe5 dxe5 25. Rxe5 Rxe5 26. Qxe5 Qxe5 27.
Rxe5 Ncd7 28. Re7 Rc8 29. c4 Kf8 30. d6 Rd8 31. Bxb7 Nc5 32. Bf3 Nc8 33. Re5
Nd3 34. Ra5 Rxd6 35. Bb7 Ne7 36. Rxa7 f5 37. gxf5 gxf5 38. Ra6 Rd7 39. Bc6 Rd4
40. Ra8+ Kf7 41. Ra7 Rf4 42. Bd5+ Ke8 43. Be6 1-0

[Event "ITT Villa Martelli 2008 Verano"]
[Site "Villa Martelli ARG"]
[Date "2008.01.10"]
[Round "7.5"]
[White "Mayorga, Nicolas"]
[Black "Fernandez, Daniel"]
[Result "1-0"]
[WhiteElo "2274"]
[BlackElo "2417"]
[PlyCount "53"]
[EventDate "2008.01.05"]
[EventType "tourn"]
[EventRounds "9"]
[EventCountry "ARG"]
[EventCategory "4"]
[Source "lmi"]
[SourceDate "2008.01.05"]

1. d4 Nf6 2. c4 e6 3. Nc3 c5 4. d5 exd5 5. cxd5 g6 6. Nf3 d6 7. h3 Bg7 8. e4
O-O 9. Bd3 b5 10. Bxb5 Nxe4 11. Nxe4 Qa5+ 12. Nfd2 Qxb5 13. Nxd6 Qa6 14. N2c4
Nd7 15. O-O Ne5 16. Nxc8 Rfxc8 17. Nxe5 Bxe5 18. Re1 Bd4 19. Bg5 Bxb2 20. Rb1
Bd4 21. Qf3 Re8 22. Be7 Qxa2 23. d6 Qa4 24. Rb7 Rad8 25. Reb1 Rd7 26. Rxd7 Qxd7
27. Rb7 1-0

[Event "ITT Villa Martelli 2008 Verano"]
[Site "Villa Martelli ARG"]
[Date "2008.01.11"]
[Round "8.1"]
[White "Fusco, Leonardo"]
[Black "Fernandez, Daniel"]
[Result "1-0"]
[WhiteElo "2313"]
[BlackElo "2417"]
[PlyCount "67"]
[EventDate "2008.01.05"]
[EventType "tourn"]
[EventRounds "9"]
[EventCountry "ARG"]
[EventCategory "4"]
[Source "lmi"]
[SourceDate "2008.01.05"]

1. e4 c5 2. Nf3 d6 3. d4 cxd4 4. Nxd4 Nf6 5. Nc3 a6 6. Bg5 e6 7. f4 Nbd7 8. Qf3
Qc7 9. O-O-O b5 10. Bd3 Be7 11. Rhe1 h6 12. Bxf6 Nxf6 13. e5 Bb7 14. Qg3 Nh5
15. Nxe6 fxe6 16. Bg6+ Kf8 17. Bxh5 g5 18. fxg5 Bxg5+ 19. Kb1 dxe5 20. Rxe5 Rh7
21. Rf1+ Kg8 22. h4 Qc4 23. Rh1 Qf4 24. Qe1 Bf6 25. Rxe6 Rg7 26. Ne4 Be5 27.
Bf3 Kh8 28. Ng5 Bxf3 29. Rxh6+ Kg8 30. gxf3 Qd4 31. c3 Qd3+ 32. Ka1 Rd8 33. a3
Re7 34. Qe4 1-0

[Event "ITT Villa Martelli 2008 Verano"]
[Site "Villa Martelli ARG"]
[Date "2008.01.11"]
[Round "8.2"]
[White "Iermito, Sebastian"]
[Black "Mayorga, Nicolas"]
[Result "1-0"]
[WhiteElo "2344"]
[BlackElo "2274"]
[PlyCount "111"]
[EventDate "2008.01.05"]
[EventType "tourn"]
[EventRounds "9"]
[EventCountry "ARG"]
[EventCategory "4"]
[Source "lmi"]
[SourceDate "2008.01.05"]

1. e4 c5 2. Nf3 d6 3. d4 Nf6 4. Nc3 cxd4 5. Nxd4 g6 6. Be3 Bg7 7. f3 a6 8. a4
Nbd7 9. Bc4 O-O 10. O-O Qc7 11. Ba2 Ne5 12. a5 Nc4 13. Bxc4 Qxc4 14. Na4 Nd7
15. Qd2 Rb8 16. Ne2 f5 17. Nec3 Nf6 18. Nb6 Qf7 19. Rad1 Be6 20. exf5 Bxf5 21.
Rfe1 Rbd8 22. Bg5 Rfe8 23. Ncd5 e5 24. c4 h5 25. Qf2 Nxd5 26. Bxd8 Nf4 27. Qh4
Nd3 28. Re3 Nxb2 29. Rxd6 e4 30. fxe4 Nxc4 31. Nxc4 Qxc4 32. Bb6 Rxe4 33. Rxe4
Bxe4 34. Rd8+ Kh7 35. Qe1 Bc6 36. h3 Qa2 37. Rd2 Qa3 38. Rf2 Qd6 39. Qd2 Qe5
40. Rf7 Qa1+ 41. Rf1 Qe5 42. Qf4 Qd5 43. Qf2 Qe4 44. Qd2 Qe6 45. Re1 Qf6 46.
Bd8 Qf5 47. Bg5 Qc5+ 48. Be3 Qe5 49. Bf2 Qf6 50. h4 Bh6 51. Qd4 Qf7 52. Qc5 Bf8
53. Qg5 Kg8 54. Bd4 Kh7 55. Rf1 Qc4 56. Qf6 1-0

[Event "ITT Villa Martelli 2008 Verano"]
[Site "Villa Martelli ARG"]
[Date "2008.01.11"]
[Round "8.3"]
[White "Moskow, Eric"]
[Black "Rodriguez Vila, Andres"]
[Result "0-1"]
[WhiteElo "2223"]
[BlackElo "2566"]
[PlyCount "54"]
[EventDate "2008.01.05"]
[EventType "tourn"]
[EventRounds "9"]
[EventCountry "ARG"]
[EventCategory "4"]
[Source "lmi"]
[SourceDate "2008.01.05"]

1. Nf3 d6 2. c4 e5 3. Nc3 f5 4. d3 Nf6 5. g3 g6 6. Bg2 Bg7 7. O-O O-O 8. Rb1 h6
9. b4 Nc6 10. b5 Ne7 11. a4 Rb8 12. c5 Be6 13. Ba3 g5 14. b6 axb6 15. cxd6 cxd6
16. Nb5 Ne8 17. Nd2 Rf7 18. Nc4 Nc8 19. Ne3 Nf6 20. d4 e4 21. d5 Bd7 22. Nc4
Bxb5 23. Rxb5 Ne8 24. Qd2 Ra8 25. a5 Nc7 26. Rxb6 Nxb6 27. Nxb6 Ra6 0-1

[Event "ITT Villa Martelli 2008 Verano"]
[Site "Villa Martelli ARG"]
[Date "2008.01.11"]
[Round "8.4"]
[White "Granara Barreto, Sebastian A"]
[Black "Della Morte, Pablo"]
[Result "1/2-1/2"]
[WhiteElo "2267"]
[BlackElo "2273"]
[PlyCount "91"]
[EventDate "2008.01.05"]
[EventType "tourn"]
[EventRounds "9"]
[EventCountry "ARG"]
[EventCategory "4"]
[Source "lmi"]
[SourceDate "2008.01.05"]

1. d4 Nf6 2. c4 g6 3. Nc3 Bg7 4. e4 d6 5. Nge2 O-O 6. Ng3 Na6 7. h4 e5 8. d5 c6
9. Be2 cxd5 10. cxd5 Ne8 11. h5 f5 12. hxg6 hxg6 13. exf5 gxf5 14. Bh5 f4 15.
Nge4 Bf5 16. Bg4 Qd7 17. Bxf5 Qxf5 18. Rh5 Qd7 19. Qc2 Qg4 20. Rh2 Rc8 21. f3
Qg6 22. Rh4 Nb4 23. Qb1 Qxg2 24. Nf2 Nf6 25. a3 Qg1+ 26. Ke2 e4 27. Bxf4 Qg2
28. fxe4 Nxe4 29. Qxe4 Rce8 30. Rg4 Rxe4+ 31. Ncxe4 Qxg4+ 32. Nxg4 Rxf4 33.
Ngf2 Nc2 34. Rc1 Nd4+ 35. Ke1 Rf5 36. Rc8+ Bf8 37. Nxd6 Rxd5 38. Nde4 Re5 39.
Kd1 Kf7 40. Rc7+ Re7 41. Nd6+ Ke6 42. Rxe7+ Bxe7 43. Nxb7 Kd5 44. b4 Nb5 45.
Kc2 Nxa3+ 46. Kb3 1/2-1/2

[Event "ITT Villa Martelli 2008 Verano"]
[Site "Villa Martelli ARG"]
[Date "2008.01.12"]
[Round "9.2"]
[White "Della Morte, Pablo"]
[Black "Obregon, Andres Carlos"]
[Result "0-1"]
[WhiteElo "2273"]
[BlackElo "2355"]
[PlyCount "72"]
[EventDate "2008.01.05"]
[EventType "tourn"]
[EventRounds "9"]
[EventCountry "ARG"]
[EventCategory "4"]
[Source "lmi"]
[SourceDate "2008.01.05"]

1. e4 c5 2. Nc3 d6 3. Nf3 a6 4. d4 cxd4 5. Nxd4 Nf6 6. Bd3 e5 7. Nde2 Nbd7 8.
Ng3 b5 9. a3 h5 10. Bg5 g6 11. Qd2 Be7 12. O-O Bb7 13. f4 Ng4 14. Bxe7 Qxe7 15.
h3 exf4 16. Qxf4 Nge5 17. Rae1 O-O 18. Nd5 Bxd5 19. exd5 f5 20. Qh6 Qg7 21. Qg5
Rae8 22. Kh2 Nf6 23. Bxf5 gxf5 24. Qxg7+ Kxg7 25. Nxf5+ Kg6 26. Nxd6 Rd8 27.
Nf5 Nfg4+ 28. hxg4 Nxg4+ 29. Kg3 Rxf5 30. Re6+ Nf6 31. Rxf5 Kxf5 32. Rxa6 Rxd5
33. a4 Ne4+ 34. Kf3 Ng5+ 35. Kg3 Ne4+ 36. Kh4 Rd1 0-1

[Event "ITT Villa Martelli 2008 Verano"]
[Site "Villa Martelli ARG"]
[Date "2008.01.12"]
[Round "9.3"]
[White "Rodriguez Vila, Andres"]
[Black "Granara Barreto, Sebastian A"]
[Result "1-0"]
[WhiteElo "2566"]
[BlackElo "2267"]
[PlyCount "53"]
[EventDate "2008.01.05"]
[EventType "tourn"]
[EventRounds "9"]
[EventCountry "ARG"]
[EventCategory "4"]
[Source "lmi"]
[SourceDate "2008.01.05"]

1. e4 c5 2. Nf3 Nc6 3. d4 cxd4 4. Nxd4 Nf6 5. Nc3 e5 6. Ndb5 d6 7. Bg5 a6 8.
Na3 b5 9. Nd5 Be7 10. Bxf6 Bxf6 11. c3 Bg5 12. Nc2 O-O 13. a4 bxa4 14. Rxa4 a5
15. Nce3 Bxe3 16. Nxe3 Rb8 17. Qd2 Be6 18. Bc4 Qb6 19. O-O Qxb2 20. Qxd6 Bxc4
21. Rxc4 Nd8 22. Qxe5 Rb5 23. Nd5 Ne6 24. f4 Qb3 25. Rc6 Nd8 26. Rc8 a4 27. Qd6
1-0

[Event "ITT Villa Martelli 2008 Verano"]
[Site "Villa Martelli ARG"]
[Date "2008.01.12"]
[Round "9.4"]
[White "Mayorga, Nicolas"]
[Black "Moskow, Eric"]
[Result "1/2-1/2"]
[WhiteElo "2274"]
[BlackElo "2223"]
[PlyCount "131"]
[EventDate "2008.01.05"]
[EventType "tourn"]
[EventRounds "9"]
[EventCountry "ARG"]
[EventCategory "4"]
[Source "lmi"]
[SourceDate "2008.01.05"]

1. d4 Nf6 2. c4 e6 3. Nc3 c5 4. d5 exd5 5. cxd5 d6 6. Nf3 a6 7. a4 g6 8. h3 Qe7
9. Bf4 Nbd7 10. e3 Bg7 11. Be2 O-O 12. O-O Ne8 13. Kh1 Rb8 14. Qc2 Ne5 15. Nd2
f5 16. Rab1 g5 17. Bh2 f4 18. exf4 gxf4 19. Rfe1 Qh4 20. Nf3 Nxf3 21. Bxf3 b5
22. b4 c4 23. axb5 axb5 24. Ra1 Bxh3 25. gxh3 Qxh3 26. Qe4 Bxc3 27. Rg1+ Ng7
28. Bg4 Qd3 29. Qxd3 cxd3 30. Ra3 Bd4 31. Kg2 Be5 32. Rxd3 Ra8 33. Kf3 Ra4 34.
Rb3 Ra7 35. Rc1 h5 36. Bh3 Rd8 37. Rc8 Rxc8 38. Bxc8 Rc7 39. Ba6 Nf5 40. Ke4
Nd4 41. Rb1 Rd7 42. Bc8 Rc7 43. Ba6 Rg7 44. Rg1 Rxg1 45. Bxg1 f3 46. Bh2 h4 47.
Bxe5 dxe5 48. Bc8 Kf7 49. Kxe5 Ne2 50. Be6+ Ke8 51. Ke4 Ng1 52. Kf4 Ke7 53. Kg4
h3 54. Kg3 Kd6 55. Kh2 Ne2 56. Kxh3 Nf4+ 57. Kg4 Nd3 58. Kxf3 Nxb4 59. Ke4 Na6
60. Kd4 Nc5 61. Bf7 b4 62. f3 Nd7 63. f4 Nb6 64. f5 b3 65. f6 Nd7 66. Kc3
1/2-1/2